[Event "London Classic op U2050-A 11th"]
[Site "London"]
[Date "2019.12.01"]
[Round "4"]
[White "Cowan, Xavier"]
[Black "Subin, Samvrit"]
[Result "0-1"]
[WhiteElo "1740"]
[BlackElo "1524"]
[PlyCount "74"]
[EventDate "2019.11.29"]
[EventType "swiss"]
[EventRounds "5"]
[EventCountry "ENG"]
[SourceTitle "CBM 195 Extra"]
[Source "ChessBase"]
[SourceDate "2020.05.31"]
[SourceVersion "1"]
[SourceVersionDate "2020.05.31"]
[SourceQuality "1"]

1. d4 Nf6 2. c4 g6 3. Nc3 Bg7 4. e4 d6 5. f3 0-0 6. Be3 e5 7. Nge2 Nh5 8. g4 Nf6 9. Qd2 exd4 10. Nxd4 Nbd7 11. Be2 Re8 12. 0-0-0 Nc5 13. h4 h5 14. gxh5 Nxh5 15. Nd5 Ng3 16. Rh2 Be5 17. Bg5 f6 18. Bf4 c6 19. Nc3 Qe7 20. Rg1 Bxf4 21. Qxf4 Nxe2+ 22. Ncxe2 Nd3+ 23. Kb1 Nxf4 24. Nxf4 Qe5 25. Rxg6+ Kh7 26. Nde2 Bd7 27. Rhg2 Rg8 28. h5 Rxg6 29. hxg6+ Kg7 30. Ng3 Rh8 31. Nd3 Qd4 32. Kc2 Qxc4+ 33. Kd2 Qxa2 34. Kc1 Qa1+ 35. Kc2 c5 36. Nf4 Ba4+ 37. Kd3 c4+ 0-1